| 000 | 00659nam a2200217Ia 4500 | ||
|---|---|---|---|
| 005 | 20230328102751.0 | ||
| 008 | 131103s9999 xx 000 0 und d | ||
| 020 | _cRs. 200 | ||
| 040 | _aLoreto College | ||
| 041 | _aEnglish | ||
| 082 |
_a822.91 _bSYN-BAN |
||
| 100 | _aBandopadhyay, Benoy Kr. | ||
| 245 |
_aJ. M. Synge _b a critical study _cBenoy Kr. Bandopadhyay |
||
| 260 |
_aCalcutta _bAvantgarde Press _c1997 |
||
| 300 | _a104 p. | ||
| 504 | _aIncludes bibliographical references | ||
| 650 | _aSynge, John Millington, 1871-1909, Criticism and Interpretation | ||
| 651 | _aEnglish Drama - History and Criticism | ||
| 850 | _aLCLIB | ||
| 942 | _cBK | ||
| 999 |
_c6187 _d56666 |
||